Statistiques concernant Norvégiens célèbres par images

Cliquez ici pour prendre le quiz!

Statistiques générales

  • Ce quiz a été pris 75 fois
  • Le résultat moyen est 3 sur 14

Statistiques - réponses

Réponse% Correct
Erling Haaland
90%
Martin Ødegaard
55%
Magnus Carlsen
49%
Eva Joly
46%
Johannes Bø
39%
Harald V
13%
Roald Amundsen
13%
Erik le Rouge
12%
Anni-Frid Lyngstad
6%
Edvard Grieg
6%
Edvard Munch
6%
Liv Ullmann
4%
Knut Hamsun
0%
Lene Grawford Nystrøm
0%

Distribution des résultats

Percentile par nombre de réponses

% des personnes avec chaque résultat

Votre développement - résultats

Vous n’avez pas pris ce quiz